Libertad de amar y derecho a morir: ensayos de un criminalista sobre Eugenesia y Eutanasia
Αποθηκεύτηκε σε:
| Κύριος συγγραφέας: | |
|---|---|
| Μορφή: | Βιβλίο |
| Γλώσσα: | Ισπανικά |
| Έκδοση: |
Buenos Aires
Losada S.A
1946
|
| Έκδοση: | 6a. ed |
| Σειρά: | Cristal del Tiempo
|
| Θέματα: | |
| Διαθέσιμο Online: | portada |
| Ετικέτες: |
Προσθήκη ετικέτας
Δεν υπάρχουν, Καταχωρήστε ετικέτα πρώτοι!
|
MARC
| LEADER | 00000cam a2200000 a 4500 | ||
|---|---|---|---|
| 001 | UCC8947 | ||
| 003 | CL-VaPUC | ||
| 008 | 190830e19460000ag |||||||||||||||||spa|d | ||
| 082 | 0 | 4 | |a 340.112 |b JIM |2 21 |
| 100 | |a Jiménez de Asúa, Luis |e author |9 383442 | ||
| 245 | 1 | 0 | |a Libertad de amar y derecho a morir: ensayos de un criminalista sobre Eugenesia y Eutanasia |
| 250 | |a 6a. ed | ||
| 300 | |a 560 p | ||
| 942 | |c BK | ||
| 945 | |d 20190830 10:52:00 |a dcastane | ||
| 260 | |a Buenos Aires |b Losada S.A |c 1946 | ||
| 650 | 7 | |a EUGENESIA |2 CL-VaPUC |9 256404 | |
| 650 | 0 | |a Eutanasia |9 255102 | |
| 856 | 7 | |f UCC8947_01.jpg |u http://opac.pucv.cl/pucv_img/Img-8500/UCC8947_01.jpg |q JEPG |2 file |z portada | |
| 583 | |a last modification |c 20190830 10:52:00 |k Rodrigo Vera | ||
| 490 | 0 | |a Cristal del Tiempo | |
| 999 | |c 375142 |d 375140 | ||
| 952 | |0 0 |1 0 |3 erd |4 0 |6 340_112000000000000_JIM_1946 |7 0 |8 A |9 494050 |a BIBDER |b BIBDER |e Mateluna Arestizabal, Alfredo Sergio |i 5596610 |o 340.112 JIM 1946 |p 5596610 |r 2023-01-25 |w 2019-11-24 |y BK |z Catalogado en:20190830 |k DER | ||